1654 1994 1428 1413 1855 1063 1105 1364 1387 1526 1536 1111 1126 1219 1908 1850 1124 1343 1344 1340 1764 1197 1750 1343 1636 1929 1317 1893 1244 1022 1937 1713 1715 1613 1814 1257 1357 1446 1015 1242 1659 1823 1210 1421 1827 1607 1314 1825 1376 1087 1390 1767 1799 1853 1003 1466 1266 1640 1004 1931 1503 1595 1858 1846 1857 1424 1278 1993 1405 1892 1941 1071 1647 1682 1771 1483 1150 1092 1498 1241 1872 1600 1857 1226 1438 1670 1475 1585 1452 1775 1881 1497 1336 1038 1527 1189 1945 1548 1382 BCNSPRNW ULIB Ver.6.0+V

เปลี่ยนเป็นภาษาไทย

Change to English
 แสดงรายละเอียดบรรณานุกรม
  กลับหน้าหลัก

Brief Record : Get Marc (ISO 2709) : E-mail record : QR code < ปิดหน้าต่าง
LEADER : 00000nam 2200000uu 4500
001    13399122822
003     ULIB
008    130927s2554||||th 000 0 tha d
020    ^a9786167078168
090    นว.^bภ21พ
100 0  ^aภาคินัย
245 10 ^aพอร์ซเลน...ตุ๊กตาอาฆาต /^cภาคินัย [นามแฝง]
260    ^aกรุงเทพฯ :^bโซฟา พับลิชชิ่ง,^c2554
300    ^a256 หน้า
945    ^p200^l0^i034048
999    ^aเกษร โพธิ์สุวรรณ
รายการนี้ยังไม่มีแท็ก
คุณยังไม่ได้ล็อกอิน คุณสามารถมีกิจกรรมร่วมกับเว็บไซต์ได้ แต่ต้องล็อกอินก่อน ::
  ล็อกอิน

รายการสื่อสารสนเทศ

ลำดับที่ ประเภท เลขเรียก/บาร์โค้ด สถานที่ สถานะ
1. นวนิยาย
นวนิยาย
นว. ภ21พ ฉ.1 
  Barcode: 034048
ห้องสมุดวิทยาเขตสวรรค์ประชารักษ์
►นวนิยาย
บนชั้น
  ขอยืม

รายการใกล้เคียง
    ผู้แต่ง [ภาคินัย]

BibComment


ยังไม่เคยถูกคอมเมนท์

คอมเมนท์ทรัพยากรรายการนี้
  คอมเมนท์: พอร์ซเลนตุ๊กตาอา..


 Copyright 2026. Bcnsprnw @Library